MARC

LEADER 00000nam0a2200000 4500
001 14763
005 20231101204954.0
010 |a 5791300204 
035 |a (RuTPU)RU\TPU\book\14861 
035 |a BOOK00014930 
090 |a 14763 
100 |a 20011209d1998 k y0rusy50 ca 
101 0 |a rus 
102 |a RU 
105 |a y z 00 zy 
200 1 |a Методы квантовой теории поля в статистической физике  |f А. А. Абрикосов, Л. П. Горьков, И. Е. Дзялошинский 
205 |a 2-е изд., доп. и перераб. 
210 |a Москва  |c Добросвет  |d 1998 
215 |a 514 с. 
606 1 |a Квантовая теория поля  |2 stltpush  |3 (RuTPU)RU\TPU\subj\14222  |9 40678 
606 1 |a Статистическая физика  |2 stltpush  |3 (RuTPU)RU\TPU\subj\27931  |9 51579 
610 1 |a методы 
610 1 |a системы 
610 1 |a математические методы 
675 |a 530.145  |v 3 
675 |a 531.19  |v 3 
700 1 |a Абрикосов  |b А. А.  |g Алексей Алексеевич 
701 1 |a Горьков  |b Л. П.  |g Лев Петрович 
701 1 |a Дзялошинский  |b И. Е.  |g Игорь Ехильевич 
801 0 |a RU  |b 63413507  |c 20011209  |g PSBO 
801 2 |a RU  |b 63413507  |c 20140319  |g PSBO 
942 |c BK